| 000 | 00964nam a2200241 a 4500 | ||
|---|---|---|---|
| 003 | OSt | ||
| 005 | 20210818181628.0 | ||
| 008 | 030527s2003 ck gr 0001f spa d | ||
| 020 | _a9580474370 | ||
| 040 | _bspa | ||
| 041 | 0 | _aspa | |
| 082 | 0 | 4 |
_aCo863.44 _bG216r |
| 100 | 1 |
_aGarcía Márquez, Gabriel, _d1927-2014 |
|
| 245 | 1 | 0 |
_aRelato de un náufrago / _cGabriel García Márquez. |
| 260 |
_aBogotá : _bGrupo Editorial Norma, _c2003. |
||
| 300 |
_a163 páginas ; _c18 centímetros. |
||
| 490 | _aNorma de bolsillo | ||
| 500 | _aPremio nobel 1982. | ||
| 505 | 0 | _aQue estuvo diez días a la deriva de una balsa sin comer ni beber, que fue proclamado héroe de la patria, besado por las reinas de la belleza y hecho rico por la publicidad, y luego aborrecido por el gobierno y olvidado para siempre. | |
| 650 | 6 |
_aNaúfragos _z Colombia. |
|
| 650 | _aRelatos colombianos. | ||
| 942 |
_2ddc _hCo863.44 G216r _kCo863.44 _mG216r |
||
| 999 |
_c11596 _d11596 |
||